| 000 | 00440nam a22001817a 4500 | ||
|---|---|---|---|
| 003 | NUST - PNEC | ||
| 005 | 20170116180759.0 | ||
| 008 | 150410b xxu||||| |||| 00| 0 eng d | ||
| 020 | _a- | ||
| 040 | _cLIBRARY | ||
| 082 | _a297.1225 NHQ | ||
| 100 |
_92338 _aNHQ |
||
| 245 |
_aRamzan ul Mubarik : Ahkam-o-Fazail _cNHQ |
||
| 260 |
_aIslamabad : _bNHQ ; _cc2012. |
||
| 300 | _a16 p. : | ||
| 650 |
_92340 _aIslam _xGeneral |
||
| 942 |
_2ddc _cBK |
||
| 999 |
_c62869 _d62869 |
||